| 000 | 01276nam a2200361 i 4500 | ||
|---|---|---|---|
| 001 | 193039 | ||
| 003 | ES-MaREB | ||
| 005 | 20250825062729.0 | ||
| 007 | ta | ||
| 008 | 230726s2023 sp o ||| 000 0bspa d | ||
| 017 | _aM 4130-2023 | ||
| 020 | _a9788411482776 | ||
| 035 | _aES-VlRAB002079521 | ||
| 035 | _aCCBIP01042188 | ||
| 040 |
_aRABEL _bspa _cES-MaACL |
||
| 080 | _a929 Chaves Nogales, Manuel | ||
| 080 | _a070 Chaves Nogales, Manuel | ||
| 100 | 1 |
_aCánovas Sánchez, Francisco, _d1949- _934609 |
|
| 245 | 1 | 0 |
_aManuel Chaves Nogales : _bbarbarie y civilización en el siglo XX / _cFrancisco Cánovas Sánchez. |
| 260 |
_aMadrid : _bAlianza, _cD.L. 2023. |
||
| 300 |
_a414 p. : _bfot. ; _c22 cm. |
||
| 336 |
_2rdacontent _aTexto |
||
| 337 |
_2rdamedia _asin mediación |
||
| 338 |
_2rdacarrier _avolumen |
||
| 600 | 1 | 4 |
_aChaves Nogales, Manuel, _d1897-1944 _938275 |
| 655 | 0 |
_aBiografías _9176647 |
|
| 852 |
_aES-MaACL _cDEPOJ _jN-8936 _xEncuadernación rústica _bR.154326 _9200344 _hDonación: Editorial |
||
| 942 |
_n0 _cMONOGRAFIA |
||
| 999 |
_c193039 _d193039 |
||